| 000 | 00505nam a22001577a 4500 | ||
|---|---|---|---|
| 003 | NUST - PNEC | ||
| 005 | 20170116180856.0 | ||
| 008 | 150829b xxu||||| |||| 00| 0 eng d | ||
| 040 | _cLIBRARY | ||
| 082 | _a531 SPI | ||
| 100 |
_96004 _aSpiegel Murray R. |
||
| 245 |
_aSchaum's outline of theory and problems of theoretical mechanics : with an introduction to Lagrange's equations and Hamiltonian theory _cMurray R. Spiegel |
||
| 260 | _cc.1967 | ||
| 650 |
_96007 _amechanics _xME, IME |
||
| 942 |
_2ddc _cBK |
||
| 999 |
_c64808 _d64808 |
||